LEADER 01017nam0-22003131i-450- 001 990003137510403321 005 20050322121340.0 035 $a000313751 035 $aFED01000313751 035 $a(Aleph)000313751FED01 035 $a000313751 100 $a20030910d1928----km-y0itay50------ba 101 0 $afre 102 $aFR 200 1 $a<>monopole du commerce extérieur en Russie soviétique$eorigines, organisation, conséquences$fpar Jacques Jéramec$gpréface de William Oualid 210 $aParis$cLibrairie générale de droit et de jurisprudence$d1928 215 $aviii, 183 p.$cill.$d22 cm 610 0 $aPolitica commerciale 610 0 $aUnione Sovietica$aCommercio estero 676 $aF/1.7 676 $aO/3.3 700 1$aJéramec,$bJacques$0375740 801 0$aIT$bUNINA$gRICA$2UNIMARC 901 $aBK 912 $a990003137510403321 952 $aF/1.7 JER$b10127/RI$fSES 959 $aSES 996 $aMonopole du commerce extérieur en Russie soviétique$9457190 997 $aUNINA LEADER 01033nam--2200361---450- 001 990002819280203316 005 20060926153714.0 010 $a88-7801-281-5 035 $a000281928 035 $aUSA01000281928 035 $a(ALEPH)000281928USA01 035 $a000281928 100 $a20060926h1999----km-y0itay50------ba 101 0 $aita 102 $aIT 105 $aa|||z|||001yy 200 1 $aBrodo nero$eSparta pacifica, il suo esercito, le sue guerre$fdi Sergio Valzania$gpresentazione di Luciano Canfora 210 $aRoma$cJouvence$dcopyr. 1999 215 $a215 p.$d21 cm 225 2 $aStoria$v46 410 0$12001$aStoria$v46 607 $aSparta$xStoria militare 676 $a938.9 700 1$aVALZANIA,$bSergio$0281668 702 1$aCANFORA,$bLuciano 801 0$aIT$bsalbc$gISBD 912 $a990002819280203316 951 $aIX.3. 473$b188712 L.M.$cIX.3.$d00178341 959 $aBK 969 $aUMA 979 $aANNAMARIA$b90$c20060926$lUSA01$h1537 996 $aBrodo nero$9994200 997 $aUNISA LEADER 04258nam 22005655 450 001 9910637715203321 005 20251009103311.0 010 $a3-031-20557-X 024 7 $a10.1007/978-3-031-20557-6 035 $a(CKB)5580000000496574 035 $a(DE-He213)978-3-031-20557-6 035 $a(MiAaPQ)EBC30720783 035 $a(Au-PeEL)EBL30720783 035 $a(EXLCZ)995580000000496574 100 $a20230102d2022 u| 0 101 0 $aeng 135 $aurnn|008mamaa 181 $ctxt$2rdacontent 182 $cc$2rdamedia 183 $acr$2rdacarrier 200 10$aInternational Trade Fairs and Inter-Firm Knowledge Flows $eUnderstanding Patterns of Convergence-Divergence in the Technological Specializations of Firms /$fby Rachael Gibson 205 $a1st ed. 2022. 210 1$aCham :$cSpringer International Publishing :$cImprint: Springer,$d2022. 215 $a1 online resource (XXII, 205 p. 5 illus.) 311 08$a3-031-20556-1 320 $aIncludes bibliographical references. 327 $aChapter 1: Introduction: The Role of International Trade Fairs in the Global Political Economy -- Chapter 2: International Trade Fairs as Mediators of Institutional Change -- Chapter 3: The Study of Comparative Capitalisms and the Problem of Institutional Change -- Chapter 4: Trade Fairs as ?Organized Anarchies? and the Garbage Can Model of Organizational Choice -- Chapter 5: The Nature of Firms? Search Processes at International Trade Fairs: A Qualitative Analysis -- Chapter 5: The Nature of Firms? Search Processes at International Trade Fairs: A Qualitative Analysis -- Chapter 6: Identifying National Patterns of Firm Behaviour at International Trade Fairs: A Quantitative Analysis -- Chapter 7: Conclusion: Ongoing Specialization or Convergence of Capitalist Varieties?. . 330 $aAgainst a backdrop of economic uncertainty caused by a shift toward protectionism and the COVID-19 pandemic among other issues, this book suggests that international trade fairs (ITFs) represent a vital source of economic dynamism that can support national and regional economies by creating opportunities for firms to access new markets, network with key actors in their industry or value chain, and tap into valuable external knowledge flows regarding new technologies and innovations. Author Rachael Gibson argues that ITFs have become crucial nodes in the global political economy, driving global economic dynamics and mediating differences between capitalist economies regarding their technological and institutional practices and conditions. In this way, ITFs represent a decisive mechanism by which distinct national patterns of technological specialization may converge or diverge. Trade fairs represent important platforms for networking, interactive learning, and knowledge exchange because they foster intense interactions among actors despite spatial boundaries. ITFs also tend to be organized according to a specific technological or industry focus, which means that they can facilitate interactions between firms from different capitalist varieties. Through the diffusion of state-of-the-art knowledge, ITFs may, thus, serve as drivers of economic globalization, challenging the continuation of distinct capitalist varieties by enabling cross-system convergence regarding the technological specializations of firms. Yet, it is clear that countries have retained competitive advantages in specific industries and that full convergence has not taken place. This book explores this puzzle. 606 $aEconomic geography 606 $aGlobalization 606 $aEconomics 606 $aEconomic Geography 606 $aGlobalization 606 $aPolitical Economy and Economic Systems 615 0$aEconomic geography. 615 0$aGlobalization. 615 0$aEconomics. 615 14$aEconomic Geography. 615 24$aGlobalization. 615 24$aPolitical Economy and Economic Systems. 676 $a382 676 $a659.152 700 $aGibson$b Rachael$01353574 801 0$bMiAaPQ 801 1$bMiAaPQ 801 2$bMiAaPQ 906 $aBOOK 912 $a9910637715203321 996 $aInternational Trade Fairs and Inter-Firm Knowledge Flows$93265806 997 $aUNINA